000 00701nam a2200229 i 4500
001 bg
245 0 0 _aPodstawy rachunkowości :
_bzbiór zadań : praca zbiorowa /
_cpod red. Kazimierza Sawickiego ; poszczeg. rozdz. oprac. Anna Buczkowska [et al.].
260 _aWarszawa :
_bPolskie Wydaw. Ekonomiczne,
_c1997.
300 _a167, [1] s. ;
_c24 cm.
650 9 _aRachunkowość
655 _aĆwiczenia i zadania
700 1 _aSawicki, Kazimierz
_d(1926- ).
_eRed.
700 1 _aBuczkowska, Anna.
020 _a8320810329
040 _cBPK
041 0 _apl
080 _a657
080 _a(075.8+076)
920 _a83-208-1032-9
942 _cKS
008 s pl f |000 0 pol
999 _c31894
_d31894
856 _uhttp://koha.tu.koszalin.pl/cgi-bin/koha/opac-detail.pl?biblionumber=31894
_yKatalog online BPK